| 000 | 00989cam a2200313 a 4500 | ||
|---|---|---|---|
| 001 | 3316108 | ||
| 003 | ARRUPE | ||
| 005 | 20151028144707.0 | ||
| 008 | 840719s1985 nyua 000 0 eng | ||
| 010 | _a 84051676 | ||
| 020 |
_a0500273596 (pbk.) : _c$12.95 |
||
| 040 |
_aDLC _cDLC _dDLC |
||
| 041 | 1 | _aengfre | |
| 043 | _aa-af--- | ||
| 050 | 0 | 0 |
_aDS354.6.K57 _bM5313 |
| 082 | 0 | 0 |
_a915.8/10444/0222 _219 |
| 100 | 1 |
_aMichaud, Roland. _920688 |
|
| 240 | 1 | 0 |
_aCaravanes de Tartarie. _lEnglish |
| 245 | 1 | 0 |
_aCaravans to Tartary / _cRoland and Sabrina Michaud. |
| 250 | _a1st paper back ed. | ||
| 260 |
_aNew York : _bThames and Hudson, _c1985. |
||
| 300 |
_a[104] p. : _bchiefly col. ill. ; _c 26 cm. |
||
| 500 | _aTranslation of: Caravanes de Tartarie. | ||
| 650 | 0 |
_aKyrgyz _zAfghanistan. _920689 |
|
| 651 | 0 |
_aAfghanistan _xDescription and travel. _920690 |
|
| 700 | 1 |
_aMichaud, Sabrina. _920691 |
|
| 906 |
_a7 _bcbc _corignew _d2 _eocip _f19 _gy-gencatlg |
||
| 942 |
_2lcc _cMONOGRAPH |
||
| 999 |
_c123665 _d123665 |
||